000 00249nam a2200097Ia 4500
001 1300555
005 20260420095906.0
008 260420s9999 xx 000 0 und d
245 0 _aİLK OKUMA-YILANLAR
_cJAMES MACLAINE
260 _bTÜBİTAK YAYINLARI
999 _c1300555
_d1300555